| Registos Bibliográficos associados ao registo de autoridade |
|
Etiqueta de registo: 00254nam 2200025 450 001 2287823 003 http://id.bnportugal.gov.pt/bib/catbnp/2287823 100 ## $a20260615d2026 k y0pory01030103ba 101 0# $apor$deng 102 ## $aPT 105 ## $aa m 001yy 106 ## $ar 200 1# $aEstimativa da estrutura de indivíduos adultos da população brasileira através de equações
de regressão$e uma proposta baseada no métodos anatómico$fJarbas Pereira de Paula$gorient. Eugénia Cunha, Sofia Wasterlain, Kyra Stull 210 #9 $aCoimbra$c[s.n.],$d2026 215 ## $a258 p.$cil.$d30 cm 328 #1 $aTese dout. Antropologia (Antropologia Forense), Faculdade de Ciências e Tecnologia
da Universidade de Coimbra, 2026 700 #1 $aPaula,$bJarbas Pereira de$32000540 702 #1 $aCunha,$bEugénia,$f1962-$4727$3227799 702 #1 $aWasterlain,$bRosa Sofia da Conceição Neto$f1972-$4727$31001128 702 #1 $aStull,$bKyra$4727$31979952 801 #0 $aPT$bBN$gRPC 966 ## $lBN$mFGMON$x1 971 ## $cisantos$d20260615
|
|
|